000 01329cab a2200397 4500
001 ABS48561
008 090401t1993 xxu||||| |||| 00| 0 eng d
035 _a(Sirsi) u67359
041 _aeng
100 _aHutton, T.
245 _a`Mothballing` buildings: proactive maintenance and conservation on a reduced budget
260 _c1993
350 _a0
490 _aStructural Survey
_v11(4) Spring 1993, 335-342(8)
520 _aMany basically sound buildings are being allowed to decay to a stage where it is expensive or even impossible to refurbish them. This article outlines a few simple and cheap measures that can be taken to prevent further timber decay in such buildings. References.
650 _aBUILT ENVIRONMENT-BUILDING INSPECTION
650 _aCONSERVATION
650 _aDAMP
650 _aFERAL PIGEONS
650 _aMOISTURE
650 _aPESTS
650 _aPLANNED MAINTENANCE
650 _aPROACTIVE MAINTENANCE
650 _aRefurbishment
_96264
650 _aRENOVATION
650 _aROOF DRAINAGE
650 _aTIMBER DECAY
650 _aTIMBER PRESERVATION
650 _aVANDALISM
650 _aVENTILATION
650 _aWATER PENETRATION
690 _aBUILDING AND CONSTRUCTION-REPAIRS AND MAINTENANCE
700 _aLloyd, H.
942 _n0
948 _c04/03/1997
999 _c42158
_d42158